Justinian's Digest 9.2.51 in the Western Legal Canon: Roman Legal Thought and Modern Causality Concepts.

Сохранить в:
Библиографические подробности
Главный автор: Ernst, Wolfgang (autor)
Формат: Неизвестно
Опубликовано: Cambridge, Reino Unido: Intersentia, 2019.
Предметы:
Метки: Добавить метку
Нет меток, Требуется 1-ая метка записи!

MARC

LEADER 00000 a2200000 4500
003 CL-VaPUC
005 20240411115320.0
008 240404t2019 ||||| |||| 00| 0 eng d
999 |c 443192  |d 443190 
020 |a 9781780688329 
040 |c Pontificia Universidad Católica de Valparaíso 
082 7 |2 22  |a 345.04 ERN 2019 
100 |a Ernst, Wolfgang   |9 887682  |e autor 
245 |a Justinian's Digest 9.2.51 in the Western Legal Canon: Roman Legal Thought and Modern Causality Concepts. 
260 |a Cambridge, Reino Unido:  |b Intersentia,  |c 2019. 
300 |a 177 páginas. 
583 |k GC  |c 20240404 
650 0 |9 874502  |a Derecho romano  |x Influencia  |x Historia 
650 0 |9 254899  |a Responsabilidad penal 
942 |2 ddc  |c BK 
952 |0 0  |1 0  |2 ddc  |4 0  |6 345_040000000000000_ERN_2019  |7 0  |8 A  |9 593929  |a BIBDER  |b BIBDER  |d 2024-04-02  |e 2  |g 112510.00  |i 5660575  |o 345.04 ERN 2019  |p 5660575  |r 2024-04-02  |t 1  |v 112510.00  |w 2024-04-02  |y BK  |k DER